| 000 | 00598nam a2200181 i 4500 | ||
|---|---|---|---|
| 001 | 97632 | ||
| 003 | ES-MaACL | ||
| 005 | 20241210140217.0 | ||
| 007 | t| | ||
| 008 | 050715s1960 sp ||||1| spa d | ||
| 100 | 1 |
_aGarcía, Fermín María. _954020 |
|
| 245 | 1 | 0 |
_aMensaje sin palabras _b: ¿Por qué llora la Vírgen? / _cP. Fermín María, franciscano; prólogo de José María Pemán. |
| 260 |
_aMadrid : _bCisneros, _c1960. |
||
| 300 |
_a463 p. ; _c18 cm. |
||
| 700 | 1 |
_aPemán, José María, _d1897-1981 _990130 |
|
| 852 |
_aES-MaACL _jC-21442 _bR.49763 |
||
| 999 |
_c97632 _d97632 |
||